Manusham: (Record no. 139560)

000 -LEADER
fixed length control field 00403nam a22001457a 4500
082 ## - DEWEY DECIMAL CLASSIFICATION NUMBER
Classification number M4
Item number JAY/M
100 ## - MAIN ENTRY--PERSONAL NAME
Personal name K K Jayarajan
9 (RLIN) 72267
245 ## - TITLE STATEMENT
Title Manusham:
Remainder of title Sathravum Darshanavum Oramukham/
Statement of responsibility, etc. by K K Jayarajan
260 ## - PUBLICATION, DISTRIBUTION, ETC.
Place of publication, distribution, etc. Pattambi:
Name of publisher, distributor, etc. Karuna Press,
Date of publication, distribution, etc. 2018.
300 ## - PHYSICAL DESCRIPTION
Extent 84p.
650 ## - SUBJECT ADDED ENTRY--TOPICAL TERM
Topical term or geographic name entry element Essay Malayalam
9 (RLIN) 72268
650 ## - SUBJECT ADDED ENTRY--TOPICAL TERM
Topical term or geographic name entry element Literature Malayalam
9 (RLIN) 72269
650 ## - SUBJECT ADDED ENTRY--TOPICAL TERM
Topical term or geographic name entry element Literature
9 (RLIN) 72270
942 ## - ADDED ENTRY ELEMENTS (KOHA)
Koha item type Book
Holdings
Withdrawn status Lost status Damaged status Not for loan Permanent Location Current Location Shelving location Date acquired Cost, normal purchase price Total Checkouts Full call number Barcode Date last seen Price effective from Koha item type
        Sree Sankaracharya University of Sanskrit Sree Sankaracharya University of Sanskrit Stacks 07.11.2018 80.00   M4 JAY/M 092484 07.11.2018 07.11.2018 Book
        Sree Sankaracharya University of Sanskrit Sree Sankaracharya University of Sanskrit Stacks 07.11.2018 80.00   M4 JAY/M 092483 07.11.2018 07.11.2018 Book